| 000 | 00469nam a22001577a 4500 | ||
|---|---|---|---|
| 003 | OSt | ||
| 008 | 260429b |||||||| |||| 00| 0 eng d | ||
| 082 |
_a634.44 _bS11E |
||
| 100 | _aSah, Kavita | ||
| 245 | _aEffect of Post-Harvest Application of Chemicals Hot water and Wrappers on Shelf Life of Mango CV. Prabha Shankar | ||
| 260 |
_aPusa, Samastipur _bRAU _c1998 |
||
| 300 | _a114P. | ||
| 502 |
_bMsc. _d1998 |
||
| 650 | _aFruit and Fruit Technology | ||
| 942 |
_cT _2ddc |
||
| 999 |
_c50255 _d50255 |
||